Normal view
MARC view
- التعليم-إستراتيجيات-أخطاء صفية-حلول وإستراتيجيات
Entry Topical Term
001 - CONTROL NUMBER
- control field: 22787
003 - CONTROL NUMBER IDENTIFIER
- control field: JO-AjAnu
005 - DATE AND TIME OF LATEST TRANSACTION
- control field: 20230606073928.0
008 - FIXED-LENGTH DATA ELEMENTS
- fixed length control field: 230606|| aca||aabn | a|a d
040 ## - CATALOGING SOURCE
- Original cataloging agency: JO-AjAnu
- Transcribing agency: JO-AjAnu
150 ## - HEADING--TOPICAL TERM
- Topical term or geographic name entry element: التعليم-إستراتيجيات-أخطاء صفية-حلول وإستراتيجيات
670 ## - SOURCE DATA FOUND
- Source citation: Work cat.: (JO-AjAnu)11710: /الراميني،فواز فتح الله مراجع لغوي/ أبو طه،موسى فايز مترجم/Orange,Carolyn مؤلف/, author 22786, Smart Strategies For Avoiding Classrom Mistakes =44إستراتيجية ذكية لتجنب إرتكاب الأخطاء في الصف الدراسي